MARC details
| 000 -LEADER |
| fixed length control field |
01721nam a2200277 a 4500 |
| 008 - FIXED-LENGTH DATA ELEMENTS--GENERAL INFORMATION |
| fixed length control field |
100929s2004 ||||||||||||||||| || u |
| 020 ## - INTERNATIONAL STANDARD BOOK NUMBER |
| International Standard Book Number |
8122415342 |
| 050 ## - LIBRARY OF CONGRESS CALL NUMBER |
| Classification number |
QA 297 Jai |
| 100 ## - MAIN ENTRY--PERSONAL NAME |
| Personal name |
Iyengar, S. R. K |
| 245 10 - TITLE STATEMENT |
| Title |
Numerical methods (problems and solutions). (2nd revised edition) |
| Statement of responsibility, etc |
By M.K. Jain ; S.R.K. Iyengar ; R.K. Jain |
| 250 ## - EDITION STATEMENT |
| Edition statement |
2nd revised edition |
| 260 ## - PUBLICATION, DISTRIBUTION, ETC. (IMPRINT) |
| Place of publication, distribution, etc |
New Delhi |
| Name of publisher, distributor, etc |
New Age International Publishers |
| Date of publication, distribution, etc |
2004 |
| 260 ## - PUBLICATION, DISTRIBUTION, ETC. (IMPRINT) |
| Place of publication, distribution, etc |
New Delhi |
| Name of publisher, distributor, etc |
New Age International (P) Limited, Publishers |
| Date of publication, distribution, etc |
2004 |
| 300 ## - PHYSICAL DESCRIPTION |
| Extent |
v, 421 pages : illustrations |
| 350 ## - |
| -- |
56.00 |
| 650 #0 - SUBJECT ADDED ENTRY--TOPICAL TERM |
| Topical term or geographic name as entry element |
MATHEMATICS--HANDBOOKS, MANUALS, ETC |
| 650 #0 - SUBJECT ADDED ENTRY--TOPICAL TERM |
| Topical term or geographic name as entry element |
NUMERICAL ANALYSIS |
| 700 ## - ADDED ENTRY--PERSONAL NAME |
| Personal name |
Jain, R. K |
| 700 ## - ADDED ENTRY--PERSONAL NAME |
| Personal name |
Jain, M. K |
| 995 ## - RECOMMENDATION 995 [LOCAL, UNIMARC FRANCE] |
| -- |
56.00 |
| -- |
CBU-MAIN LIBRARY (Kitwe) |
| -- |
0.00 |
| -- |
4 |
| -- |
AVAILABLE |
| -- |
Aug 27, 2019 |
| -- |
Main Library Open Access Collection |
| 995 ## - RECOMMENDATION 995 [LOCAL, UNIMARC FRANCE] |
| -- |
0.00 |
| -- |
CBU-MAIN LIBRARY (Kitwe) |
| -- |
1 |
| -- |
0.00 |
| -- |
1 |
| -- |
AVAILABLE |
| -- |
Oct 5, 2010 |
| -- |
Main Library Open Access Collection |
| 995 ## - RECOMMENDATION 995 [LOCAL, UNIMARC FRANCE] |
| -- |
56.00 |
| -- |
CBU-MAIN LIBRARY (Kitwe) |
| -- |
0.00 |
| -- |
2 |
| -- |
AVAILABLE |
| -- |
Aug 27, 2019 |
| -- |
Main Library Open Access Collection |
| 995 ## - RECOMMENDATION 995 [LOCAL, UNIMARC FRANCE] |
| -- |
56.00 |
| -- |
CBU-MAIN LIBRARY (Kitwe) |
| -- |
0.00 |
| -- |
3 |
| -- |
AVAILABLE |
| -- |
Aug 27, 2019 |
| -- |
Main Library Open Access Collection |
| 995 ## - RECOMMENDATION 995 [LOCAL, UNIMARC FRANCE] |
| -- |
CBU-MAIN LIBRARY (Kitwe) |
| -- |
56.00 |
| -- |
6 |
| -- |
AVAILABLE |
| -- |
Nov 27, 2019 |
| -- |
Short Loan Collection |
| 995 ## - RECOMMENDATION 995 [LOCAL, UNIMARC FRANCE] |
| -- |
56.00 |
| -- |
CBU-MAIN LIBRARY (Kitwe) |
| -- |
0.00 |
| -- |
5 |
| -- |
AVAILABLE |
| -- |
Aug 27, 2019 |
| -- |
Main Library Open Access Collection |